ARRUPE JESUIT UNIVERSITY

CORONAVIRUS -STOP THE SPREAD - CLEAN,DISINFECT,COVER

On physics and philosophy / (Record no. 131188)

MARC details
000 -LEADER
fixed length control field 03226cam a2200433 a 4500
001 - CONTROL NUMBER
control field 14363835
003 - CONTROL NUMBER IDENTIFIER
control field ARRUPE
005 - DATE AND TIME OF LATEST TRANSACTION
control field 20220401091507.0
008 - FIXED-LENGTH DATA ELEMENTS--GENERAL INFORMATION
fixed length control field 060504s2006 njua b 001 0 eng c
010 ## - LIBRARY OF CONGRESS CONTROL NUMBER
LC control number 2006926978
015 ## - NATIONAL BIBLIOGRAPHY NUMBER
National bibliography number GBA785054
Source bnb
016 7# - NATIONAL BIBLIOGRAPHIC AGENCY CONTROL NUMBER
Record control number 013559123
Source Uk
020 ## - INTERNATIONAL STANDARD BOOK NUMBER
International Standard Book Number 9780691119649
020 ## - INTERNATIONAL STANDARD BOOK NUMBER
International Standard Book Number 0691119643
035 ## - SYSTEM CONTROL NUMBER
System control number (OCoLC)ocm72807372
040 ## - CATALOGING SOURCE
Original cataloging agency VYF
Transcribing agency VYF
Modifying agency IXA
-- UUS
-- YDXCP
-- TJC
-- BAKER
-- BTCTA
-- NLGGC
-- UKM
-- AU@
-- BTN
-- DLC
041 1# - LANGUAGE CODE
Language code of text/sound track or separate title eng
Language code of original and/or intermediate translations of text fre
042 ## - AUTHENTICATION CODE
Authentication code pcc
050 00 - LIBRARY OF CONGRESS CALL NUMBER
Classification number QC6
Item number .E81713 2006
082 00 - DEWEY DECIMAL CLASSIFICATION NUMBER
Classification number 530.01
Edition number 22
084 ## - OTHER CLASSIFICATION NUMBER
Classification number 33.02
Source of number bcl
300 ## - PHYSICAL DESCRIPTION
Other physical details ill. ;
Dimensions 24 cm.
100 1# - MAIN ENTRY--PERSONAL NAME
Personal name Espagnat, Bernard d'.
9 (RLIN) 13644
240 10 - UNIFORM TITLE
Uniform title <a href="Traité de physique et de philosophie.">Traité de physique et de philosophie.</a>
Language of a work English
245 10 - TITLE STATEMENT
Title On physics and philosophy /
Statement of responsibility, etc Bernard d'Espagnat.
260 ## - PUBLICATION, DISTRIBUTION, ETC. (IMPRINT)
Place of publication, distribution, etc Princeton :
Name of publisher, distributor, etc Princeton University Press,
Date of publication, distribution, etc c2006.
300 ## - PHYSICAL DESCRIPTION
Extent ix, 503 p. :
504 ## - BIBLIOGRAPHY, ETC. NOTE
Bibliography, etc Includes bibliographical references (p. [485]-491) and indexes.
505 0# - FORMATTED CONTENTS NOTE
Formatted contents note Part 1: Physical facts and related conceptual problems. Broad overview -- Overstepping the limits of the framework of familiar concepts -- Nonseparability and Bell's Theorem -- Objectivity and empirical reality -- Quantum physics and realism -- Universal laws and the "reality" question -- Antirealism and physics; the Einstein-Podolsky-Rosen problem; methodological operationalism -- Measurement and decoherence, universality revisited -- Various realist attempts -- Schrödinger's cat, Wigner's friend, and veiled reality -- Part 2: A philosophical analysis. Science and philosophy -- Materialisms -- Suggestions from Kantism -- Causality and observational predictability -- Explanation and phenomena -- Mind and things -- Pragmatic-transcendental versus veiled reality approaches -- Objects and consciousness -- The "ground of things" -- Appendix 1: The Bell Theorem -- Appendix 2: Consistent histories, counterfactuality, and Bell's Theorem -- Appendix 3: Correlation-at-a-distance in the Broglie-Bohm model.
520 1# - SUMMARY, ETC.
Summary, etc "On Physics and Philosophy is an accessible, mathematics-free reflection on the philosophical meaning of the quantum revolution, by one of the world's leading authorities on the subject. D'Espagnat presents an objective account of the main guiding principles of contemporary physics - in particular, quantum mechanics - followed by a look at just what consequences these should imply for philosophical thinking."--
650 #0 - SUBJECT ADDED ENTRY--TOPICAL TERM
Topical term or geographic name as entry element Physics
General subdivision Philosophy.
650 17 - SUBJECT ADDED ENTRY--TOPICAL TERM
Topical term or geographic name as entry element Wetenschapsfilosofie.
Source of heading or term gtt
9 (RLIN) 51105
650 17 - SUBJECT ADDED ENTRY--TOPICAL TERM
Topical term or geographic name as entry element Natuurkunde.
Source of heading or term gtt
9 (RLIN) 17585
856 42 - ELECTRONIC LOCATION AND ACCESS
Materials specified Publisher description
Uniform Resource Identifier <a href="http://www.loc.gov/catdir/enhancements/fy0654/2006926978-d.html">http://www.loc.gov/catdir/enhancements/fy0654/2006926978-d.html</a>
856 41 - ELECTRONIC LOCATION AND ACCESS
Materials specified Table of contents only
Uniform Resource Identifier <a href="http://www.loc.gov/catdir/enhancements/fy1007/2006926978-t.html">http://www.loc.gov/catdir/enhancements/fy1007/2006926978-t.html</a>
856 42 - ELECTRONIC LOCATION AND ACCESS
Materials specified Contributor biographical information
Uniform Resource Identifier <a href="http://www.loc.gov/catdir/enhancements/fy0734/2006926978-b.html">http://www.loc.gov/catdir/enhancements/fy0734/2006926978-b.html</a>
906 ## - LOCAL DATA ELEMENT F, LDF (RLIN)
a 7
b cbc
c pccadap
d 2
e epcn
f 20
g y-gencatlg
942 ## - ADDED ENTRY ELEMENTS (KOHA)
Source of classification or shelving scheme Library of Congress Classification
Koha item type Monograph ( Printed materials)
Holdings
Withdrawn status Lost status Source of classification or shelving scheme Damaged status Not for loan Collection code Home library Current library Shelving location Date acquired Total Checkouts Full call number Barcode Date last seen Price effective from Koha item type
    Library of Congress Classification     Main Collection ARRUPE LIBRARY ARRUPE LIBRARY Main Collection 01/04/2022   QC6 .E81713 2006 46600008248 01/04/2022 01/04/2022 Monograph ( Printed materials)

 

Arrupe Library. PO Box MP320 Mt Pleasant, Harare, Zimbabwe
263 242 745411|librarian@aju.ac.zw